Southville International School and Colleges
Your cart is empty.
  • Cart
  • Lists
    Public lists Eva Luna New books Lux_list list_1
    Your lists Log in to create your own lists
  • Log in to your account
  • Your cookies
  • Search history
Southville International School and Colleges
  • Advanced search
  • Recent comments
  • Most popular
  • Libraries

Log in to your account

Log in with GOOGLE


If you do not have an external account, but do have a local account, you can still log in:

  1. Home
  2. MARC view: Wars and warfare :
Normal view MARC view ISBD view

Wars and warfare : (Record no. 2979)

[ view plain ]
MARC details
000 -LEADER
fixed length control field 00590nam a22002057a 4500
003 - CONTROL NUMBER IDENTIFIER
control field OSt
005 - DATE AND TIME OF LATEST TRANSACTION
control field 20160105153442.0
008 - FIXED-LENGTH DATA ELEMENTS--GENERAL INFORMATION
fixed length control field 130622t xxu||||| |||| 00| 0 eng d
020 ## - INTERNATIONAL STANDARD BOOK NUMBER
International Standard Book Number 9608808723
050 ## - LIBRARY OF CONGRESS CALL NUMBER
Classification number U33
Item number .T658 2006
082 ## - DEWEY DECIMAL CLASSIFICATION NUMBER
Classification number IB 355.02
Item number T59 2006
100 ## - MAIN ENTRY--PERSONAL NAME
Personal name Tomkinson, John L.
245 ## - TITLE STATEMENT
Title Wars and warfare :
Remainder of title themes in 20th century world history for the international baccalaureate
Statement of responsibility, etc Tomkinson, John L.
260 ## - PUBLICATION, DISTRIBUTION, ETC. (IMPRINT)
Place of publication, distribution, etc Athens, Greece :
Name of publisher, distributor, etc Anagnosis
Date of publication, distribution, etc c2006
300 ## - PHYSICAL DESCRIPTION
Extent 174 p.
Other physical details ill. ;
Dimensions 24cm.
562 ## - COPY AND VERSION IDENTIFICATION NOTE
Number of copies 2
942 ## - ADDED ENTRY ELEMENTS (KOHA)
Source of classification or shelving scheme Library of Congress Classification
Koha item type Books
Holdings
Withdrawn status Lost status Source of classification or shelving scheme Damaged status Home library Current library Shelving location Date acquired Total Checkouts Full call number Barcode Date last seen Copy number Price effective from Koha item type
    Library of Congress Classification   Luxembourg Library Luxembourg Library International Baccalaureate Section 06/22/2013   U 33 .T658 2006 14630 08/13/2013 1 06/22/2013 Books
        Luxembourg Library Luxembourg Library International Baccalaureate Section 06/22/2013   U 33 .T658 2006 14629 08/13/2013 2 06/22/2013 Books

Wars and warfare :

APA

Tomkinson J. L., . (2006). Wars and warfare. Athens, Greece: Anagnosis.

Chicago

Tomkinson John L, . 2006. Wars and warfare. Athens, Greece: Anagnosis.

Harvard

Tomkinson J. L., . (2006). Wars and warfare. Athens, Greece: Anagnosis.

MLA

Tomkinson John L, . Wars and warfare. Athens, Greece: Anagnosis. 2006.

  • Place hold
  • Print
  • Cite
  • Add to your cart (remove)
  • Save record
    BIBTEX Dublin Core MARCXML MARC (non-Unicode/MARC-8) MARC (Unicode/UTF-8) MARC (Unicode/UTF-8, Standard) MODS (XML) RIS
  • More searches
    Search for this title in:
    Other Libraries (WorldCat) Other Databases (Google Scholar) Online Stores (Bookfinder.com) Open Library (openlibrary.org)

Exporting to Dublin Core...

SOUTHVILLE LIBRARY

Southville International School and Colleges Library

1281 Tropical Ave. Cor. Luxembourg St., BF Homes International, Las Pinas City

Tel. No. 8256374 / 252358 Loc. 117/146

Powered by Koha